Data Science Essentials with R (Record no. 13363)

MARC details
000 -LEADER
fixed length control field 00409nam a22001697a 4500
003 - CONTROL NUMBER IDENTIFIER
control field OSt
008 - FIXED-LENGTH DATA ELEMENTS--GENERAL INFORMATION
fixed length control field 250421b |||||||| |||| 00| 0 eng d
020 ## - INTERNATIONAL STANDARD BOOK NUMBER
International Standard Book Number 9789365895292
082 ## - DEWEY DECIMAL CLASSIFICATION NUMBER
Classification number 005.133 DAD
100 ## - MAIN ENTRY--PERSONAL NAME
Personal name DAS,Abhishek
245 ## - TITLE STATEMENT
Title Data Science Essentials with R
250 ## - EDITION STATEMENT
Edition statement 1st Ed
260 ## - PUBLICATION, DISTRIBUTION, ETC. (IMPRINT)
Place of publication, distribution, etc New Delhi
Name of publisher, distributor, etc BPB
Date of publication, distribution, etc 2025
300 ## - PHYSICAL DESCRIPTION
Extent 250
650 ## - SUBJECT ADDED ENTRY--TOPICAL TERM
Topical term or geographic name as entry element Data Science Essentials with R
942 ## - ADDED ENTRY ELEMENTS (KOHA)
Source of classification or shelving scheme Dewey Decimal Classification
Koha item type Text Books
Holdings
Withdrawn status Lost status Source of classification or shelving scheme Damaged status Not for loan Collection code Home library Current library Date acquired Source of acquisition Currency Cost, normal purchase price Bill Number Total Checkouts Full call number Acc. no. / Barcode Date last seen Actual Cost, discounted price Bill Date Koha item type Date last borrowed
    Dewey Decimal Classification     BCA PIET C-LIBRARY PIET C-LIBRARY 11/04/2025 Zaffa Books INR 899.00 ZBD0028   005.133 DAD BC2616 21/04/2025 656.27 11/04/2025 Reference Books  
    Dewey Decimal Classification     BCA PIET C-LIBRARY PIET C-LIBRARY 11/04/2025 Zaffa Books INR 899.00 ZBD0028 1 005.133 DAD BC2617 03/10/2025 656.27 11/04/2025 Text Books 19/09/2025
    Dewey Decimal Classification     BCA PIET C-LIBRARY PIET C-LIBRARY 11/04/2025 Zaffa Books INR 899.00 ZBD0028   005.133 DAD BC2618 21/04/2025 656.27 11/04/2025 Text Books  
    Dewey Decimal Classification     BCA PIET C-LIBRARY PIET C-LIBRARY 11/04/2025 Zaffa Books INR 899.00 ZBD0028   005.133 DAD BC2619 21/04/2025 656.27 11/04/2025 Text Books  
    Dewey Decimal Classification     BCA PIET C-LIBRARY PIET C-LIBRARY 11/04/2025 Zaffa Books INR 899.00 ZBD0028   005.133 DAD BC2620 21/04/2025 656.27 11/04/2025 Text Books  
    Dewey Decimal Classification     MCA PIET C-LIBRARY PIET C-LIBRARY 13/05/2026 Zafaa Books and Distributors INR 899.00 ZBD2026-27-0043   005.133 DAD 40130 18/05/2026 656.27 13/05/2026 Text Books  
    Dewey Decimal Classification     MCA PIET C-LIBRARY PIET C-LIBRARY 13/05/2026 Zafaa Books and Distributors INR 899.00 ZBD2026-27-0043   005.133 DAD 40131 18/05/2026 656.27 13/05/2026 Text Books  
    Dewey Decimal Classification     MCA PIET C-LIBRARY PIET C-LIBRARY 13/05/2026 Zafaa Books and Distributors INR 899.00 ZBD2026-27-0043   005.133 DAD 40132 18/05/2026 656.27 13/05/2026 Text Books  
    Dewey Decimal Classification     MCA PIET C-LIBRARY PIET C-LIBRARY 13/05/2026 Zafaa Books and Distributors INR 899.00 ZBD2026-27-0043   005.133 DAD 40133 18/05/2026 656.27 13/05/2026 Text Books  
    Dewey Decimal Classification     MCA PIET C-LIBRARY PIET C-LIBRARY 13/05/2026 Zafaa Books and Distributors INR 899.00 ZBD2026-27-0043   005.133 DAD 40134 18/05/2026 656.27 13/05/2026 Text Books  

Design & Developed by: PIET Central Library
R70 Miles Stone Pattikalyana Samalkha Panipat 132102
mail ID :- [email protected], Phone No:- 0180-2569700 Ex.216